000 00709nab a22002297a 4500
001 09819
003 HDC
007 cr bn ---aaaaa
008 210128c20121022my ||||| |||| 00| 00may d
040 _aHDC
245 0 _aJangan biarkan negara ditadbir pemimpin sakit jiwa
336 _atext
_2rdacontent
337 _acomputer
_2rdamedia
338 _aonline resource
_2rdacarrier
650 _aEducation
_9844
650 _aPolitical
_99752
710 _aUtusan Malaysia
856 _zRequest full-text at [email protected]
942 _2lcc
942 _cNEWS
942 _kNWSC 001937
999 _c7142
_d7142